00907cam a2200265 a 450000100090000000300040000900500170001300800410003001000170007102000250008802000220011304000180013504300120015305000250016524500790019026000580026930000260032749000280035350000320038150400510041365000360046465000390050070000270053985600750056617279579OSt20180117090008.0120430r20112009enk b 001 0 eng  a 2012376321 a9780198069256 (pbk.) a0198069251 (pbk.) aDLCcDLCdDLC aa-ii---00aPN5377.M88bM88 201100aMuslims and media images :bnews versus views /cedited by Ather Farouqui. aOxford ;aNew York :bOxford University Press,c2011. axiv, 354 p. ;c22 cm.0 aOxford India paperbacks aOriginally published: 2009. aIncludes bibliographical references and index. 0aMuslimsxPress coveragezIndia. 0aMuslims in popular culturezIndia.1 aFārūqī, At̤har.423Book review (H-Net)uhttp://www.h-net.org/reviews/showrev.php?id=35233